Concepts and Cases Engineering Ethics (Record no. 9568)

MARC details
000 -LEADER
fixed length control field 00566nam a22002057a 4500
003 - CONTROL NUMBER IDENTIFIER
control field OSt
005 - DATE AND TIME OF LATEST TRANSACTION
control field 20251011110518.0
008 - FIXED-LENGTH DATA ELEMENTS--GENERAL INFORMATION
fixed length control field 251011b |||||||| |||| 00| 0 eng d
020 ## - INTERNATIONAL STANDARD BOOK NUMBER
International Standard Book Number 9781337554503
040 ## - CATALOGING SOURCE
Transcribing agency DDC
082 ## - DEWEY DECIMAL CLASSIFICATION NUMBER
Classification number 620 ENG 2019
100 ## - MAIN ENTRY--PERSONAL NAME
Personal name Fleddermann, Charles E. [et...al]
9 (RLIN) 19469
245 ## - TITLE STATEMENT
Title Concepts and Cases Engineering Ethics
250 ## - EDITION STATEMENT
Edition statement 6th ed.
260 ## - PUBLICATION, DISTRIBUTION, ETC. (IMPRINT)
Place of publication, distribution, etc. US;
Name of publisher, distributor, etc. Cengage,
Date of publication, distribution, etc. 2019
300 ## - PHYSICAL DESCRIPTION
Extent xii,291p.; ill: 23cm
504 ## - BIBLIOGRAPHY, ETC. NOTE
Bibliography, etc Appendix, bibliography, & index included
650 ## - SUBJECT ADDED ENTRY--TOPICAL TERM
Topical term or geographic name as entry element Engineering ethics
9 (RLIN) 12857
942 ## - ADDED ENTRY ELEMENTS (KOHA)
Source of classification or shelving scheme Other/Generic Classification Scheme
Koha item type Open Shelf
Holdings
Withdrawn status Lost status Source of classification or shelving scheme Damaged status Not for loan Home library Current library Date acquired Source of acquisition Inventory number Total Checkouts Full call number Barcode Date last seen Koha item type
    Library of Congress Classification     Main Kihumuro Campus Main Kihumuro Campus 11/10/2025 Purchase 25/42401   620 ENG 2019 2025-0127 11/10/2025 Open Shelf
    Library of Congress Classification     Main Kihumuro Campus Main Kihumuro Campus 11/10/2025 Purchase 25/42402   620 ENG 2019 2025-0128 11/10/2025 Open Shelf